|
|
|
|
| LEADER |
01598nam a22003011a 4500 |
| 001 |
c000001602 |
| 003 |
CARM |
| 005 |
19920121000000.0 |
| 008 |
810422s1980 at 000 0 eng d |
| 019 |
1 |
|
|a 2594160
|5 LACONCORD2021
|
| 035 |
|
|
|a (OCoLC)220059400
|5 LACONCORD2021
|
| 040 |
|
|
|a VCAV
|b eng
|c VCAV
|d ANL-S
|
| 042 |
|
|
|a anuc
|
| 043 |
|
|
|a u-at-vi
|
| 082 |
0 |
4 |
|a 711.4/09/945
|2 19
|
| 100 |
1 |
|
|a Williams, A.P.W.
|q (Antony Patterson Winfield)
|
| 245 |
1 |
0 |
|a Victorian Town Planning Appeals Tribunal, Index of appeals decisions (VTPAI) :
|b consolidated index of appeals and selected appeals (011079-311079) : decisions from 011079 to 311079 (Vol. 3, no. 9) /
|c compiled and devised by A.P.W. Williams.
|
| 260 |
|
|
|a Melbourne :
|b University of Melbourne, Faculty of Architecture, Building and Town and Regional Planning,
|c 1980.
|
| 300 |
|
|
|a vii, 45 p. ;
|c 30 cm.
|
| 490 |
1 |
|
|a Research paper / Faculty of Architecture, Building and Town & Regional Planning, University of Melbourne ;
|v no. 63
|
| 650 |
|
0 |
|a Administrative remedies
|z Victoria.
|
| 650 |
|
0 |
|a City planning
|z Victoria.
|
| 650 |
|
0 |
|a Regional planning
|z Victoria.
|
| 710 |
2 |
|
|a University of Melbourne.
|b Faculty of Architecture, Building and Town & Regional Planning.
|
| 830 |
|
0 |
|a Research paper (University of Melbourne. Faculty of Architecture, Building and Town & Regional Planning) ;
|v no. 63.
|
| 852 |
8 |
|
|b CARM
|h A2:AF18C0
|i D01199
|p 0049861
|f BK
|
| 999 |
f |
f |
|i 1774cd99-9f16-523b-85c6-1fd199a36096
|s f378856a-315b-523b-ab3a-4fb52b0e1777
|
| 952 |
f |
f |
|p Can circulate
|a CAVAL
|b CAVAL
|c CAVAL
|d CARM 1 Store
|e D01199
|f A2:AF18C0
|h Other scheme
|i book
|m 0049861
|